000
00235nam a2200097Ia 4500
008
231107s1990 xx 000 0 und d
041
_a
eng
100
_a
Miyake R.
245
_a
GA Document 19
260
_a
Tokyo
_b
A.D.A. Editta pub.
_c
1990
999
_c
924367
_d
924367